Announcer Talk: Game Show Intros Quiz Stats

 Plays Quiz not verified by Sporcle

Challenge
Share
Tweet
Embed
Score 0/24 Timer 08:00
0 Plays Today
% Correct
The Price is Right
87.1%
Love Connection
87.1%
Press Your Luck
86.4%
Legends of the Hidden Temple
85%
Scrabble
84.4%
Match Game
83.7%
Let's Make a Deal
81.6%
Jeopardy!
81.6%
Card Sharks
81.6%
The Weakest Link
81%
Win, Lose or Draw
79.6%
To Tell the Truth
77.6%
% Correct
Get the Picture
74.1%
The Joker's Wild
73.5%
Tattletales
71.4%
Nick Arcade
69.4%
Figure It Out
64.6%
Nickelodeon GUTS
63.3%
Shop 'Til You Drop
62.6%
Tic Tac Dough
57.8%
Finders Keepers
55.8%
Blockbusters
53.7%
Beat the Clock
52.4%
Bullseye
34.7%

You're not logged in!

Compare scores with friends on all Sporcle quizzes.
OR
Log In

You Might Also Like...

Show Comments

Extras

Top Quizzes Today


Score Distribution

Your Account Isn't Verified!

In order to create a playlist on Sporcle, you need to verify the email address you used during registration. Go to your Sporcle Settings to finish the process.

Report this User

Report this user for behavior that violates our Community Guidelines.

Details: